000 00247nam a22001097a 4500
082 _a823/SHE
100 _aShenoi,Saratchandra
_983993
245 _aInner voice
260 _aNew delhi
_bSahitya akademi
_c2021
650 _aPoem
_927793
942 _cBK
999 _c69011
_d69011